Některé ekonomické aspekty transformace vysokého školství
Odpoveď na otázky, či je prezieravé obmedzovať možnosti štúdia na vysokých školách; či je školné (cena za poskytnutú službu) jediným regulátorom dopytu po vysokoškolskom štúdiu; aké následky (nezamýšľané regulačné dôsledky) by mala jednoznačná orientácia vysokoškolskej politiky podľa dopytu mladej g...
Na minha lista:
| Autor principal: | |
|---|---|
| Formato: | Capítulo de Livro |
| Idioma: | tcheco |
| Assuntos: | |
| Tags: |
Sem tags, seja o primeiro a adicionar uma tag!
|
MARC
| LEADER | 00000naa a2200000 4500 | ||
|---|---|---|---|
| 001 | r000710 | ||
| 005 | 20221213081710.2 | ||
| 041 | 0 | |a cze | |
| 044 | |a CZ | ||
| 245 | 1 | 0 | |a Některé ekonomické aspekty transformace vysokého školství |c O. Roth |
| 520 | |a Odpoveď na otázky, či je prezieravé obmedzovať možnosti štúdia na vysokých školách; či je školné (cena za poskytnutú službu) jediným regulátorom dopytu po vysokoškolskom štúdiu; aké následky (nezamýšľané regulačné dôsledky) by mala jednoznačná orientácia vysokoškolskej politiky podľa dopytu mladej generácie. | ||
| 610 | 2 | 0 | |a školy vysoké |
| 610 | 2 | 0 | |a Česko |
| 610 | 2 | 0 | |a transformácia |
| 610 | 2 | 0 | |a hospodárenie finančné |
| 610 | 2 | 0 | |a zdroje finančné |
| 610 | 2 | 0 | |a štúdium vysokoškolské |
| 100 | 1 | |a Roth, O. | |